000 00379nam a22001457a 4500
999 _c197283
_d197283
008 230821b ||||| |||| 00| 0 eng d
082 _aS-GAN
100 _aGangoli, Anand
245 _aSelected Stories of Sharat Chandra
_hEnglish
260 _aDelhi
_bA.I.C.B.
_cRohini
270 _aA.I.C.B. Rohini, Delhi
300 _a12x13
490 _v1-2
942 _2ddc
_cBRLEN
_kS
_mGAN